000
003080000a22001330004500
003
MACL
040
_a
MACL
090
_c
37952
_d
37950
100
_a
Balzac, H De
245
_a
Memoires de Deux Jeunes Mariees
260
_b
Ancienne Maison Michel Levy Freres
_c
1879
650
_a
Novel
942
_c
BOOK
_k
823/BAL
999
_c
37546
_d
37546